| 000 | 01542nam a2200301ui 4500 | ||
|---|---|---|---|
| 001 | 991027218392607026 | ||
| 003 | UkOxU | ||
| 008 | 250220s2025 enk|||| | |||| ||eng d | ||
| 020 | _a9780241651292 | ||
| 035 | _a(StEdALDL)1/4615796 | ||
| 040 |
_aStEdALDL _beng _erda _cStEdALDL _dUkOxU |
||
| 041 | _aeng | ||
| 050 |
_aHD53 _b.D355 2025 |
||
| 100 |
_aDailey, Carolyn _d1959- _926108 _eauthor |
||
| 245 | 0 | 4 |
_aThe creative entrepreneur _c/ Carolyn Dailey. |
| 260 |
_aLondon : _bDorling Kindersley Limited, _c2025. |
||
| 300 |
_a223 pages : _billustrations (some color) ; _c23 cm. |
||
| 520 | _aDiscover the secrets to building a thriving creative business and unleashing your full creative potential with The Creative Entrepreneur. Learn from ten of the world’s most inspiring entrepreneurs, including Grammy winner Nile Rodgers and Emmy-winning producer Andy Harries (The Crown), as they share their stories, actionable advice, and recommendations to help you succeed in business and fuel your life potential. Unlock your creativity and transform your career with a new, mission-driven perspective from these industry icons in design, fashion, art, film, music, and more. | ||
| 650 | 0 |
_aNew business enterprises _92621 |
|
| 650 | 0 |
_aEntrepreneurship _9570 |
|
| 650 | 0 |
_aSuccess in business _91506 |
|
| 650 | 0 |
_aCreative ability in business _94129 |
|
| 650 | 0 |
_aArt and business _926109 |
|
| 650 | 0 |
_aSmall business _xManagement _94678 |
|
| 650 | 0 |
_aEntrepreneurship _vAnecdotes _926111 |
|
| 655 | 0 |
_aAnecdotes _926110 |
|
| 942 | _2lcc | ||
| 999 |
_c5031 _d5031 |
||